[Event "AUTO-MASTER-1895"]
[Site "http://www.queenalice.com/game.php?id=1193569"]
[Date "2013.6.23"]
[Round "1"]
[White "Jules_Winnfield86"]
[Black "adrian_iuga"]
[Result "1-0"]
[WhiteElo "2277"]
[BlackElo "2093"]

1. c4 c5 2. Nc3 Nc6 3. g3 g6 4. Bg2 Bg7 5. Nf3 Nf6 6. O-O O-O 7. d3 a6 8. Be3 d6
9. Qd2 Rb8 10. Bh6 b5 11. Bxg7 Kxg7 12. b3 Be6 13. cxb5 axb5 14. Rfc1 b4 15. Na4
Rb5 16. d4 Bd5 17. dxc5 dxc5 18. Rxc5 Rxc5 19. Nxc5 Bxf3 20. Qxd8 Rxd8 21. Bxf3
Ne5 22. Kg2 g5 23. e3 Rd2 24. h3 g4 25. hxg4 Nexg4 26. Bxg4 Nxg4 27. Ne4 f5 28.
Nxd2 1-0

[Event "AUTO-MASTER-1895"]
[Site "http://www.queenalice.com/game.php?id=1193582"]
[Date "2013.6.23"]
[Round "1"]
[White "Jules_Winnfield86"]
[Black "ACamargo"]
[Result "1-0"]
[WhiteElo "2234"]
[BlackElo "1899"]

1. c4 Nf6 2. Nc3 e6 3. Nf3 d5 4. cxd5 Nxd5 5. g3 Bb4 6. Bg2 O-O 7. O-O c5 8. a3
Bxc3 9. dxc3 Nf6 10. Qb3 Nc6 11. Bf4 Qe8 12. Bd6 Ne7 13. Bxc5 a5 14. Rad1 Kh8
15. Nd4 Rg8 16. Nb5 Rb8 17. Bd6 Bd7 18. Bxb8 Bxb5 19. Rd2 Bc6 20. Be5 Ng4 21.
Bf4 Bxg2 22. Kxg2 Qc6+ 23. Kg1 Nd5 24. Rxd5 exd5 25. Qd1 Rd8 26. e4 Nf6 27. Bg5
Rd7 28. Bxf6 Qxf6 29. exd5 Qb6 30. Qe2 Qd8 31. Re1 g6 32. c4 Kg8 33. Qe8+ Qxe8
34. Rxe8+ Kg7 35. Ra8 b6 36. Rb8 Rd6 37. b4 axb4 38. axb4 Kf6 39. Rb7 h5 40. Kg2
g5 41. Kf3 Kg6 42. Ke4 f6 43. c5 bxc5 44. bxc5 Rd8 45. d6 f5+ 46. Kd5 Kf6 47. c6
1-0

[Event "AUTO-MASTER-1895"]
[Site "http://www.queenalice.com/game.php?id=1193583"]
[Date "2013.6.23"]
[Round "1"]
[White "ACamargo"]
[Black "Jules_Winnfield86"]
[Result "0-1"]
[WhiteElo "1851"]
[BlackElo "2214"]

1. d4 e6 2. c4 d5 3. e3 Nf6 4. Nf3 Be7 5. Nc3 O-O 6. Bd2 Nbd7 7. c5 c6 8. b4 e5
9. dxe5 Ng4 10. h3 Ngxe5 11. Be2 Nxf3+ 12. Bxf3 Ne5 13. O-O a5 14. a3 axb4 15.
axb4 Rxa1 16. Qxa1 Nxf3+ 17. gxf3 Bxh3 18. Re1 Bxc5 19. e4 Qf6 20. Qd1 Qg6+ 0-1

[Event "AUTO-MASTER-1895"]
[Site "http://www.queenalice.com/game.php?id=1193584"]
[Date "2013.6.23"]
[Round "1"]
[White "Jules_Winnfield86"]
[Black "falekhine"]
[Result "1-0"]
[WhiteElo "2280"]
[BlackElo "2049"]

1. c4 g6 2. Nc3 c6 3. Nf3 Bg7 4. g3 e5 5. d3 d6 6. Bg2 Ne7 7. O-O O-O 8. Qc2 Na6
9. a3 f5 10. b4 Nc7 11. b5 Be6 12. Rb1 Rb8 13. Ng5 Bd7 14. f4 h6 15. Nf3 Ne6 16.
fxe5 dxe5 17. Be3 Qc7 18. Bxa7 Ra8 19. bxc6 Bxc6 20. Bb6 Qd7 21. Qc1 Kh7 22. e4
Qxd3 23. Rd1 Qxc4 24. Bf1 1-0

[Event "AUTO-MASTER-1895"]
[Site "http://www.queenalice.com/game.php?id=1193585"]
[Date "2013.6.23"]
[Round "1"]
[White "falekhine"]
[Black "Jules_Winnfield86"]
[Result "1/2-1/2"]
[WhiteElo "2042"]
[BlackElo "2295"]

1. d4 e6 2. c4 d5 3. e3 Nf6 4. Nc3 Be7 5. Nf3 O-O 6. Bd3 dxc4 7. Bxc4 b6 8. O-O
Bb7 9. Be2 Nbd7 10. b3 c5 11. dxc5 Nxc5 12. Bb2 Rc8 13. Rc1 Nce4 14. Nxe4 Nxe4
15. Rxc8 Qxc8 16. Qa1 Bf6 17. Rc1 Bxb2 18. Qxb2 Qb8 19. Nd2 Rc8 20. f3 Nxd2 21.
Rxc8+ Qxc8 22. Qxd2 Qc7 23. Kf2 f6 24. Bc4 Kf7 25. h3 Ke7 26. Qd3 g6 27. Qd4 Qd6
1/2-1/2

[Event "AUTO-MASTER-1895"]
[Site "http://www.queenalice.com/game.php?id=1221184"]
[Date "2013.9.30"]
[Round "2"]
[White "Rutty"]
[Black "Jules_Winnfield86"]
[Result "1-0"]
[WhiteElo "2007"]
[BlackElo "2251"]

1. d4 e6 2. e4 d5 3. e5 c5 4. c3 Nc6 5. Nf3 Qb6 6. Qb3 Qxb3 7. axb3 cxd4 8. cxd4
Nge7 9. Bb5 Bd7 10. Bxc6 Nxc6 11. O-O Be7 12. Nc3 1-0

[Event "AUTO-MASTER-1895"]
[Site "http://www.queenalice.com/game.php?id=1221185"]
[Date "2013.9.30"]
[Round "2"]
[White "Jules_Winnfield86"]
[Black "Rutty"]
[Result "0-1"]
[WhiteElo "2232"]
[BlackElo "2033"]

1. c4 c5 2. Nc3 Nc6 3. Nf3 Nf6 4. g3 g6 5. Bg2 Bg7 6. O-O O-O 7. d3 b6 8. Bg5
Bb7 9. Qd2 a6 10. Bh6 d5 11. Bxg7 Kxg7 0-1

[Event "AUTO-MASTER-1875"]
[Site "http://www.queenalice.com/game.php?id=1271326"]
[Date "2014.4.8"]
[Round "2"]
[White "Buuuu"]
[Black "Jules_Winnfield86"]
[Result "1-0"]
[WhiteElo "2177"]
[BlackElo "2169"]

1. e4 e6 2. d4 d5 3. Nc3 dxe4 4. Nxe4 Nd7 5. Nf3 Ngf6 6. Bg5 h6 7. Nxf6+ Nxf6 8.
Be3 Nd5 9. Be2 Nxe3 10. fxe3 c5 11. O-O Bd6 12. c3 O-O 13. Bd3 Qc7 14. Qe2 e5
15. e4 cxd4 16. cxd4 Bg4 17. Rac1 1-0

[Event "AUTO-MASTER-1875"]
[Site "http://www.queenalice.com/game.php?id=1271327"]
[Date "2014.4.8"]
[Round "2"]
[White "Jules_Winnfield86"]
[Black "Buuuu"]
[Result "0-1"]
[WhiteElo "2181"]
[BlackElo "2165"]

1. Nf3 e6 2. c4 Nf6 3. d4 c5 4. g3 b6 5. Bg2 Bb7 6. O-O cxd4 7. Qxd4 Nc6 8. Qd1
Qc7 9. Nc3 a6 10. b3 Be7 11. Bb2 O-O 12. Qd2 Rad8 13. e4 d6 14. Rac1 Nd7 15.
Rfd1 Nde5 16. Nd5 exd5 0-1

[Event "AUTO-MASTER-1875"]
[Site "http://www.queenalice.com/game.php?id=1271328"]
[Date "2014.4.8"]
[Round "2"]
[White "RIVAS"]
[Black "Jules_Winnfield86"]
[Result "1-0"]
[WhiteElo "2335"]
[BlackElo "2169"]

1. d4 e6 2. c4 d5 3. g3 Nf6 4. Bg2 Bb4+ 5. Bd2 Qe7 6. a3 Bxd2+ 7. Nxd2 O-O 8.
Ngf3 Nbd7 9. O-O b6 10. Re1 Bb7 11. cxd5 exd5 12. Nh4 g6 13. b4 a5 14. b5 Ne4
15. Nxe4 dxe4 16. Qb3 Kg7 17. Rec1 Rac8 18. Bh3 f5 19. Qe3 Rf7 20. Qb3 Nf8 21.
e3 Qe6 22. Qxe6 Nxe6 23. Ra2 Bd5 24. Rac2 Ng5 25. Bf1 1-0

[Event "AUTO-MASTER-1875"]
[Site "http://www.queenalice.com/game.php?id=1271329"]
[Date "2014.4.8"]
[Round "2"]
[White "Jules_Winnfield86"]
[Black "RIVAS"]
[Result "0-1"]
[WhiteElo "2177"]
[BlackElo "2305"]

1. g3 Nf6 2. Bg2 g6 3. d4 Bg7 4. Nf3 O-O 5. O-O d6 6. Bg5 c5 7. c3 Nbd7 8. Qc1
Re8 9. Bh6 Bh8 10. Re1 cxd4 11. cxd4 Nb6 12. Nc3 d5 13. Ne5 Ng4 14. Nxg4 Bxg4
15. h3 Bf5 16. Rd1 Rc8 17. g4 Bd7 18. b3 e5 19. e3 g5 20. Qd2 Qf6 0-1